01434naa#a2200193#i#4500001001600000005001700016011001400033100004100047102000700088200027600095210053800371215001000909608004500919675009300964700006001057700005201117700005001169856002101219RU\\bibl\12173920260430184711.4##a1998-8990##a20260423b2026####ek#y0rusy0150####ca##aRU1#aМЕТОДИКА ПОСТРОЕНИЯ НЕЙРОННОЙ СЕТИ ДЛЯ ПРОГНОЗИРОВАНИЯ ЛОЖНЫХ СРАБАТЫВАНИЙ ДЫМОВЫХ ИЗВЕЩАТЕЛЕЙ СИСТЕМЫ ПОЖАРНОЙ СИГНАЛИЗАЦИИeЖурнальная статья1#aСанкт-ПетербургcСанкт-Петербургский университет Государственной противопожарной службы Министерства Российской Федерации по делам гражданской обороны, чрезвычайным ситуациям и ликвидации последствий стихийных бедствий имени Героя Российской Федерации генерала армии Е.Н. Зиничеваd2026##a8 с.##aЖурнальная статья2local##aПрочие вопросы, касающиеся пожарной охраны. 614.849#1aРахматуллинаgЭлина Фанисовна#1aХафизовgИльдар Фанилевич#1aПавловаgЗухра Хасановна4#ajournals.igps.ru